000 00291nam a22001337a 4500
008 170127b xxu||||| |||| 00| 0 eng d
020 _a0201057824
041 _aeng
080 _a61
100 _a3
101 _aSHM
245 _aA SURVEY OF HUMAN DISEASES
_cPURTILO, D.T
942 _2udc
_cBK
999 _c3858
_d3858